00520nam a22002057a 450000500170000001000110001702000100002803500110003803700160004904000120006508200130007710000190009024500450010926000380015427000330019230000230022550000200024865000160026865000300028420170124110130.0 a439420 c00.00 a439420 bCen Lib/Ret aDPLbEN a643bLOW aLowrie, Joyce  aPractical homemaking /cby Joyce Lowrie  aLondon bOldbourne Book Co.c1965 bLondon a1-5, portpool lane  av, 175p.c16cm(Hb) aIncludes index  aHomemaking  aDecorating techniques z